PROBLÉMY S VYMEDZENÍM GEOGRAFICKEJ KARTOGRAFIE

Bibliographic Details
Main Author: Pravda, Ján, 1934-2010 (Author)
Other Authors: Contrerasová, Hana, 1945- (Translator)
Format: Article
Language:Slovak
Subjects:

MARC

LEADER 00000nab a2200000Ia 4500
001 vtls010770949
003 SK-MaSNL
005 20260304031840.0
008 230218|1999 xo |||||||||||||||||slo|
035 |a (urnnbn)urn:nbn:sk:snk:ar-a01iaq 
035 |a (uuid)adfc44d4-08a3-4a9d-9b3b-f2bdab0cd1ca 
035 |a urn:nbn:sk:snk-ab4ebg 
040 |a SNKBUCL  |b slo  |c SNKBUCL  |e AACR2 
041 0 |a slo 
044 |a xo  |c SK 
080 |a 528.9  |2 2001 
080 |a 912.43  |2 1981 
080 |a 91  |2 2001 
080 |a 001  |2 2011 
080 |a 523.31  |2 2011 
080 |a 179  |2 2001 
100 1 |a Pravda, Ján,  |d 1934-2010  |4 aut  |9 102220 
245 1 0 |a PROBLÉMY S VYMEDZENÍM GEOGRAFICKEJ KARTOGRAFIE  |c Ján Pravda, H. Contrerasová 
504 |a Bibliografické odkazy 
650 0 7 |a kartografia  |2 SNKPH  |9 820 
650 0 7 |a mapy  |2 SNKPH  |9 871 
650 0 7 |a geografia  |2 SNKPH  |9 823 
650 0 7 |a veda  |2 SNKPH  |9 1599 
650 0 7 |a disciplína  |2 SNKPH  |9 71436 
651 7 |a Zem (planéta)  |2 SNKPH  |9 75616 
700 1 |a Contrerasová, Hana,  |d 1945-  |4 trl  |9 89456 
773 0 |t Geografický časopis Slovenskej akadémie vied  |g Roč. 51, č. 3 (1999), s. [279]-288 
954 |a odborná, vedecká literatúra pôvodná (slovenská)  |2 lita 
958 |a NB 
958 |a OND 
958 |a EUIPO 
958 |a article3 
999 |c 2640141  |d 2642071